000 00575nam a2200193 4500
005 20250624121843.0
010 _aENG-145398
020 _a9789361636066
_c370.00
035 _aEN-128930
037 _bDBAD
082 _a158.4
_21
100 _aV. Suganya
_982275
245 _aA Step by Step Approach to Self Improvement/
_cV. Suganya
250 _a1
260 _aMadurai
_bShanlax Publications
_c2024
270 _a61,66 Vasantha Nagar
_bMadurai
_e625003
_mshanlaxpublications@gmail.com
300 _a252p.
_c22cm(Pb)
942 _2ddc
_cEN
_h158.4
_mSUG
999 _c211917
_d211917